History of the thrift movement in America.// (Record no. 110727)

MARC details
000 -LEADER
fixed length control field 00482nam a22001697a 4500
003 - CONTROL NUMBER IDENTIFIER
control field BD-ChCU
005 - DATE AND TIME OF LATEST TRANSACTION
control field 20260106101055.0
008 - FIXED-LENGTH DATA ELEMENTS--GENERAL INFORMATION
fixed length control field 260106b bg ||||| |||| 00| 0 ben d
040 ## - CATALOGING SOURCE
Transcribing agency BD-ChCU
082 ## - DEWEY DECIMAL CLASSIFICATION NUMBER
Classification number 330.973 STH
100 ## - MAIN ENTRY--PERSONAL NAME
Personal name Straus, S. W.
9 (RLIN) 18652
245 ## - TITLE STATEMENT
Title History of the thrift movement in America.//
Statement of responsibility, etc. S. W. Straus.
260 ## - PUBLICATION, DISTRIBUTION, ETC.
Place of publication, distribution, etc. Philadelphia.
Name of publisher, distributor, etc. J, I. B. Lippincott.
Date of publication, distribution, etc. 1920
300 ## - PHYSICAL DESCRIPTION
Extent 256p
650 #0 - SUBJECT ADDED ENTRY--TOPICAL TERM
Topical term or geographic name entry element U. S. - Economic conditions.
9 (RLIN) 18656
942 ## - ADDED ENTRY ELEMENTS (KOHA)
Source of classification or shelving scheme Dewey Decimal Classification
Koha item type Books
Suppress in OPAC No
Holdings
Withdrawn status Lost status Source of classification or shelving scheme Damaged status Not for loan Home library Current library Shelving location Date acquired Source of acquisition Total Checkouts Full call number Barcode Date last seen Copy number Price effective from Koha item type
    Dewey Decimal Classification     Chittagong University Library Chittagong University Library Business and Social Science Reading Room 06/01/2026 Purchase   330.973 STH 14024 06/01/2026 C-1 06/01/2026 Books
© Copyright 2026. Chittagong University Library, Installation and Maintenance by Prof. Dr. Md. Alamgir, 01711306253